[Event "Mont de Marsan op 9th"]
[Site "Mont de Marsan"]
[Date "2012.12.28"]
[Round "6"]
[White "Cruzel, Thierry"]
[Black "Jacquot, David"]
[Result "1/2-1/2"]
[WhiteElo "1821"]
[BlackElo "1870"]
[PlyCount "85"]
[EventDate "2012.12.27"]
[EventType "swiss"]
[EventRounds "9"]
[EventCountry "FRA"]
[SourceTitle "CBM 152 Extra"]
[Source "ChessBase"]
[SourceDate "2013.02.25"]
[SourceVersion "1"]
[SourceVersionDate "2013.02.25"]
[SourceQuality "1"]

1. e4 e5 2. Nf3 Nf6 3. Bc4 Nc6 4. 0-0 Be7 5. Re1 d6 6. c3 0-0 7. d3 Na5 8. Bb5 a6 9. Ba4 b5 10. Bc2 Bg4 11. Bg5 h6 12. Be3 c5 13. Nbd2 Rc8 14. h3 Bh5 15. Nf1 Nh7 16. g4 Bg6 17. Ng3 Ng5 18. Nxg5 Bxg5 19. Qd2 Bxe3 20. Qxe3 Nc6 21. f4 exf4 22. Qxf4 Ne5 23. Re2 Qg5 24. Qxg5 hxg5 25. Nf5 Bxf5 26. exf5 Rfe8 27. Kg2 Kf8 28. Rae1 f6 29. Kf2 Kf7 30. d4 cxd4 31. cxd4 Rxc2 32. dxe5 Rxe2+ 33. Rxe2 Rxe5 34. Rc2 Rc5 35. Rd2 Ke7 36. Ke3 Rc1 37. Kd4 Kd7 38. a3 Rh1 39. Rd3 Rh2 40. b4 Re2 41. Rc3 Re1 42. Rd3 Re5 43. Rc3 1/2-1/2

[Event "Creon op 14th"]
[Site "Creon"]
[Date "2009.07.28"]
[Round "2"]
[White "Cruzel, Thierry"]
[Black "Doncea, Vladimir"]
[Result "0-1"]
[WhiteElo "1823"]
[BlackElo "2460"]
[PlyCount "92"]
[EventDate "2009.07.27"]
[EventType "swiss"]
[EventRounds "9"]
[EventCountry "FRA"]
[SourceTitle "CBM 131 Extra"]
[Source "ChessBase"]
[SourceDate "2009.09.03"]
[SourceVersion "2"]
[SourceVersionDate "2009.09.16"]
[SourceQuality "1"]

1. e4 c5 2. Nf3 e6 3. d4 cxd4 4. Nxd4 Nc6 5. Be3 Nf6 6. Bd3 d5 7. Nd2 e5 8. Nxc6 bxc6 9. Bg5 Be7 10. exd5 cxd5 11. Qe2 h6 12. Bh4 e4 13. Bb5+ Kf8 14. 0-0 Qb6 15. Ba4 Ba6 16. c4 Qxb2 17. Rab1 Qd4 18. Rfd1 g5 19. Bg3 Kg7 20. Qe3 Qxe3 21. fxe3 Bc5 22. cxd5 Bxe3+ 23. Kh1 Bd3 24. Rb7 Bf4 25. Bxf4 gxf4 26. Nb3 Nxd5 27. Nc5 Nc3 28. Rc1 Nxa4 29. Nxa4 Rhc8 30. Nc5 Be2 31. h3 f3 32. gxf3 Bxf3+ 33. Kg1 Rc6 34. Nb3 Rac8 35. Rxc6 Rxc6 36. Rxa7 e3 37. Re7 Rg6+ 38. Kf1 e2+ 39. Kf2 Bh5 40. Nd4 Ra6 41. Re3 Rxa2 42. Nf5+ Kg6 43. Ng3 f6 44. Re6 Ra1 45. Re3 Kg5 46. Nxh5 e1Q+ 0-1

[Event "FRA-chT2 South 0809"]
[Site "France"]
[Date "2009.03.14"]
[Round "8.7"]
[White "Cruzel, Thierry"]
[Black "Fevre, Lionel"]
[Result "1-0"]
[WhiteElo "1857"]
[BlackElo "1400"]
[PlyCount "51"]
[EventDate "2008.10.12"]
[EventType "team-tourn"]
[EventRounds "11"]
[EventCountry "FRA"]
[SourceTitle "EXT 2010"]
[Source "ChessBase"]
[SourceDate "2010.11.25"]
[SourceVersion "1"]
[SourceVersionDate "2010.11.25"]
[SourceQuality "1"]
[WhiteTeam "Agen"]
[BlackTeam "Avignon"]
[WhiteTeamCountry "FRA"]
[BlackTeamCountry "FRA"]

1. d4 d5 2. c4 e6 3. Nf3 Nd7 4. Nc3 c6 5. e4 dxe4 6. Nxe4 Ngf6 7. Nc3 c5 8. d5 exd5 9. Nxd5 Bd6 10. Qe2+ Be7 11. Qxe7+ Qxe7+ 12. Nxe7 Kxe7 13. Bd3 Re8 14. 0-0 Kf8 15. Bf4 Ne4 16. Rfe1 Ndf6 17. Bxe4 Nxe4 18. Ng5 Nxg5 19. Bd6+ Re7 20. Bxe7+ Kg8 21. Bxg5 Be6 22. b3 b6 23. Rad1 a5 24. Rd8+ Rxd8 25. Bxd8 a4 26. Bxb6 1-0

[Event "FRA-chT2 South 0809"]
[Site "France"]
[Date "2009.01.17"]
[Round "5.7"]
[White "Cruzel, Thierry"]
[Black "Huchet, Francois"]
[Result "0-1"]
[WhiteElo "1857"]
[BlackElo "2020"]
[PlyCount "62"]
[EventDate "2008.10.12"]
[EventType "team-tourn"]
[EventRounds "11"]
[EventCountry "FRA"]
[SourceTitle "EXT 2010"]
[Source "ChessBase"]
[SourceDate "2010.11.25"]
[SourceVersion "1"]
[SourceVersionDate "2010.11.25"]
[SourceQuality "1"]
[WhiteTeam "Agen"]
[BlackTeam "Ramonville"]
[WhiteTeamCountry "FRA"]
[BlackTeamCountry "FRA"]

1. d4 Nf6 2. c4 g6 3. Nc3 Bg7 4. Nf3 0-0 5. Bg5 h6 6. Bh4 d6 7. e3 Nbd7 8. Bd3 c6 9. 0-0 Qe8 10. Qb3 e5 11. Nd2 Kh8 12. Rae1 a6 13. Nde4 Nxe4 14. Nxe4 Qe6 15. d5 Qg4 16. Be7 Nc5 17. Nxc5 dxc5 18. Bxf8 Bxf8 19. dxc6 bxc6 20. Qb6 Bd7 21. Qc7 Qe6 22. Rd1 Bd6 23. Qb7 Rb8 24. Qxa6 Rxb2 25. Be4 Bb8 26. Rb1 Rxb1 27. Rxb1 Bd6 28. Bxc6 e4 29. Bxd7 Bxh2+ 30. Kxh2 Qxa6 31. Rb8+ Kg7 0-1

[Event "FRA-chT2 South 0809"]
[Site "France"]
[Date "2008.12.14"]
[Round "4.7"]
[White "Weill, Roland"]
[Black "Cruzel, Thierry"]
[Result "1-0"]
[WhiteElo "2209"]
[BlackElo "1857"]
[PlyCount "61"]
[EventDate "2008.10.12"]
[EventType "team-tourn"]
[EventRounds "11"]
[EventCountry "FRA"]
[SourceTitle "EXT 2010"]
[Source "ChessBase"]
[SourceDate "2010.11.25"]
[SourceVersion "1"]
[SourceVersionDate "2010.11.25"]
[SourceQuality "1"]
[WhiteTeam "Montpellier Diagonale"]
[BlackTeam "Agen"]
[WhiteTeamCountry "FRA"]
[BlackTeamCountry "FRA"]

1. e4 e6 2. d3 d5 3. Nd2 Nf6 4. Ngf3 c5 5. g3 Nc6 6. Bg2 Be7 7. 0-0 b6 8. Re1 Bb7 9. c3 0-0 10. e5 Nd7 11. Nf1 Re8 12. Bf4 Nf8 13. h4 d4 14. c4 Ng6 15. Bd2 f6 16. exf6 Bxf6 17. Ng5 Nf8 18. Nh2 Qc7 19. Bf4 e5 20. Bd5+ Ne6 21. Nxe6 Rxe6 22. Bxe6+ Kh8 23. Bg5 Ne7 24. Bg4 Rf8 25. Bf3 Bxg5 26. Bxb7 Bxh4 27. Be4 Bg5 28. Qh5 Bh6 29. Ng4 Ng8 30. Re2 g6 31. Qxe5+ 1-0

[Event "FRA-chT2 South 0809"]
[Site "France"]
[Date "2008.11.23"]
[Round "3.7"]
[White "Cruzel, Thierry"]
[Black "Lebel, Patrick"]
[Result "1/2-1/2"]
[WhiteElo "1857"]
[BlackElo "2187"]
[PlyCount "68"]
[EventDate "2008.10.12"]
[EventType "team-tourn"]
[EventRounds "11"]
[EventCountry "FRA"]
[SourceTitle "EXT 2010"]
[Source "ChessBase"]
[SourceDate "2010.11.25"]
[SourceVersion "1"]
[SourceVersionDate "2010.11.25"]
[SourceQuality "1"]
[WhiteTeam "Agen"]
[BlackTeam "Monaco"]
[WhiteTeamCountry "FRA"]
[BlackTeamCountry "FRA"]

1. d4 e6 2. e4 b6 3. Bd3 Bb7 4. Nf3 c5 5. c3 Nf6 6. Qe2 Be7 7. 0-0 d5 8. e5 Nfd7 9. Nbd2 Nc6 10. Re1 c4 11. Bc2 b5 12. Nf1 a5 13. b3 Nb6 14. a4 cxb3 15. Bxb3 bxa4 16. Bxa4 Nxa4 17. Rxa4 Ba6 18. Qc2 0-0 19. Ra1 Qc7 20. Ba3 Rfc8 21. Qa4 Bxa3 22. Qxa3 Rcb8 23. Reb1 Bd3 24. Rxb8+ Rxb8 25. N1d2 Qb6 26. h3 Qb2 27. Qxb2 Rxb2 28. Ra3 Kf8 29. Nb3 Rc2 30. Nxa5 Nxa5 31. Rxa5 Rxc3 32. Ra8+ Ke7 33. Ra7+ Ke8 34. Ra8+ Ke7 1/2-1/2

[Event "Creon op 13th"]
[Site "Creon"]
[Date "2008.07.28"]
[Round "1"]
[White "Cruzel, Thierry"]
[Black "Bazart, David"]
[Result "0-1"]
[WhiteElo "1910"]
[BlackElo "2232"]
[PlyCount "52"]
[EventDate "2008.07.28"]
[EventType "swiss"]
[EventRounds "9"]
[EventCountry "FRA"]
[SourceTitle "CBM 125 Extra"]
[Source "ChessBase"]
[SourceDate "2008.09.01"]
[SourceVersion "1"]
[SourceVersionDate "2008.09.01"]
[SourceQuality "1"]

1. d4 Nf6 2. c4 c5 3. Nf3 cxd4 4. Nxd4 Nc6 5. Nc3 e6 6. e3 Bb4 7. Bd2 0-0 8. Nxc6 bxc6 9. Bd3 d5 10. cxd5 cxd5 11. 0-0 Rb8 12. Rc1 Bb7 13. Ne2 Qa5 14. Bc3 Bxc3 15. Nxc3 e5 16. Qa4 Qb6 17. Qb5 Qd6 18. Qa5 Rfd8 19. Qxa7 d4 20. exd4 exd4 21. Ne2 Ng4 22. Ng3 Qh6 23. h3 Nxf2 24. Nf5 Nxh3+ 25. Kh2 Qg5 26. Rc2 Nf4 0-1

[Event "Condom op"]
[Site "Condom"]
[Date "2008.??.??"]
[Round "7"]
[White "Schuermans, Robert"]
[Black "Cruzel, Thierry"]
[Result "1-0"]
[WhiteElo "2125"]
[BlackElo "1910"]
[PlyCount "37"]
[EventDate "2008.07.12"]
[EventType "swiss"]
[EventRounds "9"]
[EventCountry "FRA"]
[SourceTitle "EXT 2009"]
[Source "ChessBase"]
[SourceDate "2008.11.26"]
[SourceVersion "1"]
[SourceVersionDate "2008.11.26"]
[SourceQuality "1"]

1. e4 e6 2. d4 d5 3. Nc3 Nf6 4. Bg5 Be7 5. e5 Nfd7 6. h4 a6 7. Qg4 f5 8. exf6 Nxf6 9. Qg3 c5 10. dxc5 Nc6 11. 0-0-0 Bd7 12. Nf3 Qa5 13. Kb1 Bxc5 14. Bd2 Bf8 15. Nb5 Qd8 16. Nc7+ Ke7 17. Ng5 Ne4 18. Nxe4 dxe4 19. Bg5+ 1-0

[Event "Mont de Marsan op 6th"]
[Site "Mont de Marsan"]
[Date "2006.12.29"]
[Round "7"]
[White "Cruzel, Thierry"]
[Black "Monbet Dufau, Philippe"]
[Result "1-0"]
[WhiteElo "1973"]
[BlackElo "1640"]
[PlyCount "53"]
[EventDate "2006.12.26"]
[EventType "swiss"]
[EventRounds "9"]
[EventCountry "FRA"]
[SourceTitle "CBM 116 Extra"]
[Source "ChessBase"]
[SourceDate "2007.03.07"]
[SourceVersion "1"]
[SourceVersionDate "2007.03.07"]
[SourceQuality "1"]

1. d4 Nf6 2. c4 e6 3. Nf3 Bb4+ 4. Bd2 Bxd2+ 5. Qxd2 0-0 6. Nc3 d5 7. e3 b6 8. cxd5 exd5 9. Bd3 Ba6 10. Rc1 Bxd3 11. Qxd3 c5 12. dxc5 bxc5 13. 0-0 Nc6 14. Rfd1 Rb8 15. Nxd5 Rxb2 16. Qa6 Qe8 17. Qxc6 Qxc6 18. Ne7+ Kh8 19. Nxc6 Rxa2 20. Ra1 Rb2 21. Rxa7 Ne4 22. Rxf7 Kg8 23. Rxf8+ Kxf8 24. Nfe5 g6 25. f3 Nc3 26. Rd7 Ne2+ 27. Kf1 1-0

[Event "Mont de Marsan op 6th"]
[Site "Mont de Marsan"]
[Date "2006.12.26"]
[Round "2"]
[White "Fernandez Fernandez, Juan Carlos"]
[Black "Cruzel, Thierry"]
[Result "1/2-1/2"]
[WhiteElo "2092"]
[BlackElo "1973"]
[PlyCount "58"]
[EventDate "2006.12.26"]
[EventType "swiss"]
[EventRounds "9"]
[EventCountry "FRA"]
[SourceTitle "CBM 116 Extra"]
[Source "ChessBase"]
[SourceDate "2007.03.07"]
[SourceVersion "1"]
[SourceVersionDate "2007.03.07"]
[SourceQuality "1"]

1. d4 d5 2. c4 e6 3. Nc3 Nf6 4. Bg5 Be7 5. e3 0-0 6. Nf3 a6 7. Be2 dxc4 8. Bxc4 b5 9. Bd3 Nbd7 10. 0-0 Bb7 11. Rc1 c5 12. dxc5 Nxc5 13. Bb1 Qxd1 14. Rfxd1 Rfd8 15. h3 h6 16. Bh4 Rxd1+ 17. Rxd1 Rd8 18. Rxd8+ Bxd8 19. b4 Ncd7 20. Bc2 Bc7 21. Ne2 Bd6 22. a3 Bxf3 23. gxf3 Ne5 24. Nd4 Nc4 25. Bxf6 gxf6 26. Be4 Nxa3 27. Bb7 Bxb4 28. Bxa6 Bc3 29. Nxb5 Nxb5 1/2-1/2